000 00315nam a2200121 i 4500
001 bg
245 0 _aKryzys i schizma.
_nT. 2,
_pAntyscjentystyczne tendencje w socjologii współczesnej.
260 _aWarszawa,
_c1984.
040 _cBPK
041 _apol
942 _cKS
008 s pl f |000 0 pol
999 _c22925
_d22925
856 _uhttp://koha.tu.koszalin.pl/cgi-bin/koha/opac-detail.pl?biblionumber=22925
_yKatalog online BPK